| 000 | 00502nam a22001697a 4500 | ||
|---|---|---|---|
| 999 |
_c40967 _d40967 |
||
| 003 | OSt | ||
| 005 | 20210224112412.0 | ||
| 008 | 210224b ||||| |||| 00| 0 eng d | ||
| 020 | _a9788174823816 | ||
| 040 | _coclc | ||
| 082 |
_a540 _bKUL/C |
||
| 100 |
_98444 _aKulshrestha, Hemant |
||
| 245 |
_aCSIR-UGC NET/JRF/SET Chemical Sciences / _cHemant Kulshrestha ; Ajay Taneja |
||
| 260 |
_aAgra: _bUpakar Prakashan, |
||
| 300 | _a720p | ||
| 942 |
_2ddc _cBK _h540 _iKUL/C _k540 _mKUL/C |
||